[Event "TCh-CHN 2016"]
[Site "China CHN"]
[Date "2016.09.25"]
[Round "14.5"]
[Board "4"]
[White "Wang, Jue"]
[Black "Khademalsharieh, Sarasadat"]
[Result "1-0"]
[WhiteTitle "WGM"]
[BlackTitle "WGM"]
[WhiteElo "2380"]
[BlackElo "2429"]
[WhiteTeam "Beijing"]
[BlackTeam "Shandong"]
[WhiteFideId "8604070"]
[BlackFideId "12512214"]
[EventDate "2016.04.12"]

1. e4 e5 2. Nf3 Nc6 3. Bb5 a6 4. Ba4 Nf6 5. O-O Be7 6. d3 b5 7. Bb3 O-O 8. Nc3
d6 9. a3 Bg4 10. Be3 Nd4 11. Bxd4 exd4 12. Ne2 c5 13. Nf4 Qc7 14. h3 Bxf3 15.
Qxf3 c4 16. Ba2 Rac8 17. Rfd1 Qc5 18. Ne2 Nd7 19. dxc4 Bf6 20. cxb5 Qxb5 21. a4
Qxb2 22. Bb3 d3 23. Rdb1 Qxa1 24. Rxa1 Bxa1 25. cxd3 Bf6 26. Qg3 Nc5 27. Bd5
Nxa4 28. Qxd6 a5 29. d4 Nc3 30. Nxc3 Rxc3 31. e5 Rd8 32. Qa6 Be7 33. Qxa5 Rd3
34. Qa4 Kf8 35. Qc4 Rd1+ 36. Kh2 Rd2 37. f4 Rb2 38. Bxf7 Rb4 39. Qe6 Rdxd4 40.
Bg8 Ke8 41. f5 Kd8 42. Bxh7 Rb5 43. Qg8+ Kc7 44. Qxg7 Rd7 45. f6 Ba3 46. Qg3 Bf8
47. Qg8 Rd8 48. Qf7+ Kb6 49. Be4 1-0

[Event "TCh-CHN 2016"]
[Site "China CHN"]
[Date "2016.09.25"]
[Round "14.5"]
[Board "5"]
[White "Zhao, Xue"]
[Black "Zhai, Mo"]
[Result "1-0"]
[WhiteTitle "GM"]
[BlackTitle "WGM"]
[WhiteElo "2504"]
[BlackElo "2371"]
[WhiteTeam "Beijing"]
[BlackTeam "Shandong"]
[WhiteFideId "8601283"]
[BlackFideId "8600201"]
[EventDate "2016.04.12"]

1. Nf3 Nf6 2. c4 e6 3. g3 d5 4. Bg2 dxc4 5. O-O a6 6. a4 Nc6 7. b3 cxb3 8. Bb2
Bd6 9. d4 O-O 10. Nbd2 Na5 11. Nxb3 Nc4 12. Bc3 Rb8 13. Qc2 b5 14. axb5 Rxb5 15.
Nc5 c6 16. Rfd1 Qe7 17. Be1 Nb6 18. Nxa6 Bb7 19. Nc5 Ba8 20. Nd3 Nfd7 21. e4 f6
22. Bf1 Rh5 23. Ra7 Qe8 24. Bg2 Rb5 25. Qa2 Kh8 26. e5 fxe5 27. dxe5 Bc5 28.
Nxc5 Nxc5 29. Nd4 Qd8 30. Qa1 Qb8 31. Nxb5 cxb5 32. Bxa8 Nxa8 33. Bb4 1-0

[Event "TCh-CHN 2016"]
[Site "China CHN"]
[Date "2016.09.25"]
[Round "14.6"]
[Board "2"]
[White "Xu, Xiangyu"]
[Black "Xu, Minghui"]
[Result "1/2-1/2"]
[WhiteElo "2447"]
[BlackElo "2305"]
[WhiteTeam "Chengdu"]
[BlackTeam "Zhejiang"]
[WhiteFideId "8608288"]
[BlackFideId "8606790"]
[EventDate "2016.04.12"]

1. e4 c6 2. c4 d5 3. exd5 cxd5 4. d4 Nf6 5. Nc3 g6 6. Qb3 Bg7 7. cxd5 O-O 8.
Nge2 Na6 9. g3 Qb6 10. Bg2 Rd8 11. O-O Qxb3 12. axb3 Nc7 13. Bg5 Ncxd5 14. Nxd5
Nxd5 15. Nc3 Be6 16. Ra5 Nf6 17. d5 Bf5 18. Re1 Kf8 19. b4 a6 20. Na4 Rac8 21.
Be3 Nd7 22. b5 axb5 23. Rxb5 Bc2 24. Nc5 Nxc5 25. Bxc5 Rd7 26. d6 exd6 27. Rxb7
Rdd8 28. Ba3 Ba4 29. Bd5 Be8 30. Rb6 Kg8 31. Rxd6 Rxd6 32. Bxd6 Bxb2 33. Kg2 Bc6
34. Bxc6 Rxc6 35. Re8+ Kg7 36. Bf8+ Kf6 37. f4 h5 38. h3 Rc2+ 39. Kf3 Rc3+ 40.
Re3 1/2-1/2

[Event "TCh-CHN 2016"]
[Site "China CHN"]
[Date "2016.09.25"]
[Round "14.6"]
[Board "3"]
[White "Liu, Guanchu"]
[Black "Lu, Shanglei"]
[Result "1/2-1/2"]
[WhiteTitle "IM"]
[BlackTitle "GM"]
[WhiteElo "2366"]
[BlackElo "2619"]
[WhiteTeam "Chengdu"]
[BlackTeam "Zhejiang"]
[WhiteFideId "8603901"]
[BlackFideId "8603332"]
[EventDate "2016.04.12"]

1. e4 c5 2. Nc3 a6 3. Nf3 d6 4. d4 cxd4 5. Nxd4 Nf6 6. Be3 Ng4 7. Bc1 Nf6 8. Be3
e5 9. Nb3 Be6 10. Qd2 Nbd7 11. O-O-O Rc8 12. Kb1 b5 13. f4 Be7 14. h3 h5 15. Bd3
h4 16. Rhe1 Qc7 17. f5 Bc4 18. a3 Qb8 19. Bg5 Rh5 20. Be3 Bd8 21. Be2 Bxe2 22.
Rxe2 Rc6 23. Qd3 b4 24. axb4 Qxb4 25. Bf2 Kf8 26. Be1 Qb7 27. Na2 Rb6 28. Bf2
Rc6 29. Be1 Rb6 30. Bf2 Rc6 31. Be1 1/2-1/2

[Event "TCh-CHN 2016"]
[Site "China CHN"]
[Date "2016.09.25"]
[Round "14.6"]
[Board "4"]
[White "Qiu, Mengjie"]
[Black "Ren, Xiaoyi"]
[Result "1/2-1/2"]
[WhiteTitle "WFM"]
[WhiteElo "2207"]
[BlackElo "2157"]
[WhiteTeam "Zhejiang"]
[BlackTeam "Chengdu"]
[WhiteFideId "8606137"]
[BlackFideId "8608709"]
[EventDate "2016.04.12"]

1. e4 e5 2. Nf3 Nf6 3. Nxe5 d6 4. Nf3 Nxe4 5. Nc3 Nxc3 6. dxc3 Be7 7. Be3 Nc6 8.
Qd2 Be6 9. O-O-O Qd7 10. Kb1 Bf6 11. h4 h6 12. Bb5 a6 13. Ba4 b5 14. Bb3 a5 15.
Bxe6 fxe6 16. g4 b4 17. c4 Rf8 18. Qe2 Be7 19. g5 h5 20. g6 e5 21. Ng5 Bxg5 22.
hxg5 Qg4 23. Qd3 Ne7 24. f4 exf4 25. Bd4 Qxg5 26. Qf3 O-O-O 27. Rdg1 Qf5 28.
Rxh5 Qe6 29. Rxa5 Kd7 30. Bf2 Rf5 31. c5 d5 32. Qd3 Nc6 33. Ra6 Re8 34. Qb5 Rf6
35. Rd1 Rxg6 36. a3 Rb8 37. Qc4 Rg5 38. Qxf4 Rf5 39. Qd2 bxa3 40. Rxa3 Qf6 41.
Bd4 Nxd4 42. Qxd4 Qxd4 43. Rxd4 Kc6 44. b4 Re8 45. Ra6+ Kb7 46. Rg6 Re7 47. Kb2
c6 48. Rdg4 Rff7 49. Kb3 Re3+ 50. Kb2 Ree7 51. Rg3 Re4 52. Kb3 Ree7 53. Ka4 Rc7
54. Rg1 Rfe7 55. R1g2 Rf7 56. R2g3 Rfe7 57. b5 Re4+ 58. Ka5 cxb5 59. Kxb5 Rc4
60. c6+ Kb8 61. Rxg7 R7xc6 62. Rg8+ Kb7 63. R8g7+ Rc7 64. Rxc7+ 1/2-1/2

[Event "TCh-CHN 2016"]
[Site "China CHN"]
[Date "2016.09.25"]
[Round "14.6"]
[Board "5"]
[White "Ding, Yixin"]
[Black "Li, Yunshan"]
[Result "1-0"]
[WhiteTitle "WGM"]
[BlackTitle "WFM"]
[WhiteElo "2426"]
[BlackElo "2024"]
[WhiteTeam "Zhejiang"]
[BlackTeam "Chengdu"]
[WhiteFideId "8602972"]
[BlackFideId "8607664"]
[EventDate "2016.04.12"]

1. e4 e5 2. Bc4 Nf6 3. d3 c6 4. Qe2 Be7 5. Nf3 O-O 6. O-O d6 7. Bb3 h6 8. c3 Be6
9. Bc2 Nbd7 10. Rd1 Re8 11. d4 Qc7 12. Nbd2 Bf8 13. h3 g6 14. Nf1 Bg7 15. Ng3 d5
16. exd5 Bxd5 17. Nxe5 Nxe5 18. dxe5 Qxe5 19. Be3 h5 20. Qd2 h4 21. Bf4 Qe7 22.
Re1 Qc5 23. Nf1 Be4 24. Rad1 Bxc2 25. Qxc2 Nd5 26. Bg5 Rxe1 27. Rxe1 Nb4 28. Qd2
Nd3 29. Be7 Qf5 30. Re3 Ne5 31. Qe2 f6 32. Bd6 Re8 33. Bxe5 Rxe5 34. Qc4+ Kh7
35. Qxh4+ Kg8 36. Qc4+ Kh7 37. g4 Qb1 38. Rxe5 fxe5 39. Qb4 b6 40. a4 Qd3 41.
Ng3 Qd1+ 42. Kg2 c5 43. Qe4 Qd2 44. h4 Qf4 45. Qxf4 exf4 46. Ne2 Be5 47. Kf3 g5
48. hxg5 Kg6 49. Nxf4+ Kxg5 50. Nd3 Bd6 51. c4 Bc7 52. b3 Bb8 53. Nc1 Kh4 54.
Ne2 Kg5 55. Nc3 Be5 56. Nd5 Bd6 57. Ne3 Bc7 58. Ke4 Bh2 59. f3 Bb8 60. Ng2 Bc7
61. Kd5 a5 62. Kc6 Bd8 63. Kd7 Bf6 64. Kc7 1-0

[Event "TCh-CHN 2016"]
[Site "China CHN"]
[Date "2016.09.26"]
[Round "15.1"]
[Board "1"]
[White "Xu, Xiangyu"]
[Black "Li, Shilong"]
[Result "1/2-1/2"]
[BlackTitle "GM"]
[WhiteElo "2447"]
[BlackElo "2514"]
[WhiteTeam "Chengdu"]
[BlackTeam "Guangdong"]
[WhiteFideId "8608288"]
[BlackFideId "8600678"]
[EventDate "2016.04.12"]

1. d4 Nf6 2. Bf4 g6 3. Nc3 Bg7 4. e4 d6 5. Qd2 O-O 6. Nf3 Nc6 7. d5 e5 8. dxe6
Bxe6 9. Bh6 d5 10. Bxg7 Kxg7 11. exd5 Bxd5 12. Nxd5 Qxd5 13. Qxd5 Rfe8+ 14. Kd2
Nxd5 15. Re1 Rxe1 16. Nxe1 Rd8 17. Nd3 Ncb4 18. a3 Nxd3 19. Bxd3 Nf4 20. g3 Nxd3
21. cxd3 h5 22. Re1 Kf8 23. Re4 c6 24. Rf4 Ke7 25. Re4+ Kf8 26. Rf4 Ke7 27. Re4+
Kf8 1/2-1/2

[Event "TCh-CHN 2016"]
[Site "China CHN"]
[Date "2016.09.26"]
[Round "15.1"]
[Board "2"]
[White "Liu, Guanchu"]
[Black "Zeng, Chongsheng"]
[Result "1-0"]
[WhiteTitle "IM"]
[BlackTitle "GM"]
[WhiteElo "2366"]
[BlackElo "2549"]
[WhiteTeam "Chengdu"]
[BlackTeam "Guangdong"]
[WhiteFideId "8603901"]
[BlackFideId "8603847"]
[EventDate "2016.04.12"]

1. e4 c6 2. d4 d5 3. e5 Bf5 4. Nc3 e6 5. g4 Bg6 6. Nge2 Ne7 7. Nf4 Nd7 8. h4 h5
9. Nxg6 Nxg6 10. gxh5 Nxh4 11. Bd3 c5 12. Qg4 cxd4 13. Ne2 Nf5 14. Bxf5 exf5 15.
Qxd4 Bc5 16. Qxd5 Qb6 17. Bg5 Bxf2+ 18. Kf1 Bc5 19. Rd1 Qc6 20. Ng3 Qxd5 21.
Rxd5 Be7 22. Bxe7 Kxe7 23. Nxf5+ Ke6 24. Rd6+ Kxf5 25. Rxd7 Kxe5 26. Rh2 g6 27.
Re2+ Kf6 28. hxg6 fxg6 29. Rf2+ Kg5 30. Rxb7 Rh1+ 31. Ke2 Rg1 32. Rff7 a6 33.
Kd2 Rh8 34. Rh7 Rf8 35. Rbf7 Rb8 36. Rb7 Rf8 37. Rhf7 Rh8 38. Kc3 Kg4 39. Rf6 g5
40. Rxa6 Kh3 41. Raa7 Rh4 42. Kb3 g4 43. Rg7 g3 44. Ra8 Kh2 45. a4 g2 46. Rag8
Kh1 47. a5 Rh2 48. a6 Ra1 49. a7 Rh3+ 50. c3 1-0

[Event "TCh-CHN 2016"]
[Site "China CHN"]
[Date "2016.09.26"]
[Round "15.1"]
[Board "3"]
[White "Li, Di"]
[Black "Xu, Yinglun"]
[Result "1/2-1/2"]
[WhiteTitle "FM"]
[WhiteElo "2420"]
[BlackElo "2523"]
[WhiteTeam "Chengdu"]
[BlackTeam "Guangdong"]
[WhiteFideId "8607508"]
[BlackFideId "8604940"]
[EventDate "2016.04.12"]

1. d4 d5 2. c4 e6 3. Nc3 Nf6 4. Nf3 Be7 5. Bg5 h6 6. Bxf6 Bxf6 7. e3 O-O 8. Rc1
c6 9. Bd3 Nd7 10. O-O dxc4 11. Bxc4 e5 12. h3 exd4 13. exd4 Nb6 14. Bb3 a5 15.
Re1 Re8 16. a3 Rxe1+ 17. Qxe1 a4 18. Ba2 Bf5 19. Qe3 Bg5 20. Nxg5 Qxg5 21. Qxg5
hxg5 22. Re1 Kf8 23. Re5 g6 24. g4 Bd3 25. d5 cxd5 26. Nxd5 Nxd5 27. Rxd5 Be4
28. Rd4 Bc6 29. f4 Ra5 30. fxg5 Rxg5 31. Rf4 f5 1/2-1/2

[Event "TCh-CHN 2016"]
[Site "China CHN"]
[Date "2016.09.26"]
[Round "15.1"]
[Board "4"]
[White "Padmini, Rout"]
[Black "Ren, Xiaoyi"]
[Result "0-1"]
[WhiteTitle "IM"]
[WhiteElo "2408"]
[BlackElo "2157"]
[WhiteTeam "Guangdong"]
[BlackTeam "Chengdu"]
[WhiteFideId "5029295"]
[BlackFideId "8608709"]
[EventDate "2016.04.12"]

1. e4 e5 2. Nf3 Nf6 3. Nxe5 d6 4. Nf3 Nxe4 5. d4 Nf6 6. Bd3 Be7 7. O-O O-O 8. h3
b6 9. c4 d5 10. Nc3 Bb7 11. b3 c5 12. Bb2 Nc6 13. dxc5 d4 14. Ne4 bxc5 15. Nxf6+
Bxf6 16. Be4 Re8 17. Bd5 Rb8 18. Ne1 Nb4 19. Bxb7 Rxb7 20. a3 Nc6 21. Nd3 Qd6
22. Bc1 Ne5 23. Bf4 Qc6 24. Re1 Rbe7 25. Bxe5 Bxe5 26. Ra2 Qc7 27. Qf3 Bh2+ 28.
Kf1 Rxe1+ 29. Nxe1 Bd6 30. Nd3 g6 31. g3 Qb6 32. Rb2 Qa5 33. a4 Qc7 34. b4 cxb4
35. c5 Bf8 36. Rxb4 Qd7 37. Kg2 Rc8 38. Rb7 Qe6 39. Rxa7 Bxc5 40. Ra8 Bd6 41.
Rxc8+ Qxc8 42. Qe4 Qc3 43. Qe8+ Kg7 44. Qb5 Bc7 45. g4 h6 46. Nb4 Qe1 47. Qb7
Qb1 48. a5 Bxa5 49. Qd5 Qxb4 0-1

[Event "TCh-CHN 2016"]
[Site "China CHN"]
[Date "2016.09.26"]
[Round "15.1"]
[Board "5"]
[White "Li, Xueyi"]
[Black "Li, Yunshan"]
[Result "1-0"]
[BlackTitle "WFM"]
[WhiteElo "2112"]
[BlackElo "2024"]
[WhiteTeam "Guangdong"]
[BlackTeam "Chengdu"]
[WhiteFideId "8605912"]
[BlackFideId "8607664"]
[EventDate "2016.04.12"]

1. d4 Nf6 2. c4 g6 3. g3 c6 4. Bg2 d5 5. e3 Bg7 6. Ne2 O-O 7. O-O b6 8. b3 Bb7
9. Bb2 e6 10. Nd2 Nbd7 11. a4 a5 12. Nc3 Re8 13. Rc1 Rc8 14. Ba3 Bf8 15. Bxf8
Kxf8 16. Re1 Qe7 17. e4 dxe4 18. Ndxe4 Red8 19. Qd2 Kg7 20. Qf4 Nh5 21. Qd6 Kf8
22. g4 Nhf6 23. Qf4 Nxe4 24. Nxe4 e5 25. Qh6+ Kg8 26. g5 Qf8 27. Qxf8+ Nxf8 28.
dxe5 Rd3 29. Nd6 Rc7 30. Nxb7 Rxb7 31. Bxc6 Rc7 32. Bd5 Ne6 33. Bxe6 fxe6 34.
Re3 Rd2 35. Rf3 Re2 36. Rd1 Rxe5 37. Rd8+ Kg7 38. h4 Re4 39. Rh3 Rg4+ 40. Kf1
Rf4 41. Ke2 Rcf7 42. f3 e5 43. Ke3 h6 44. Rb8 Rd7 45. Rxb6 Rfd4 46. gxh6+ Kxh6
47. Rg3 R7d6 48. Rxd6 Rxd6 49. Rg5 Rb6 50. Rxe5 Rxb3+ 51. Kd4 Rxf3 52. c5 Ra3
53. c6 Rxa4+ 54. Kd5 Ra1 55. c7 Rc1 56. Kd6 a4 57. Rc5 1-0

[Event "TCh-CHN 2016"]
[Site "China CHN"]
[Date "2016.09.26"]
[Round "15.2"]
[Board "1"]
[White "Lu, Shanglei"]
[Black "Zhao, Jun"]
[Result "1/2-1/2"]
[WhiteTitle "GM"]
[BlackTitle "GM"]
[WhiteElo "2619"]
[BlackElo "2634"]
[WhiteTeam "Zhejiang"]
[BlackTeam "Shandong"]
[WhiteFideId "8603332"]
[BlackFideId "8602522"]
[EventDate "2016.04.12"]

1. e4 e5 2. Bc4 Nf6 3. d3 Nc6 4. Nf3 Be7 5. Nc3 d6 6. a3 O-O 7. Be3 Be6 8. Ng5
Bxc4 9. dxc4 Nb8 10. Qf3 Nbd7 11. O-O-O c6 12. c5 Qc7 13. cxd6 Bxd6 14. Qf5 Rfe8
15. g4 Re7 16. h4 Bc5 17. h5 Bxe3+ 18. fxe3 Qc8 19. Rd6 h6 20. Nf3 Nc5 21. Rhd1
Qxf5 22. exf5 e4 23. Nh2 Ncd7 24. R1d4 Rae8 25. Ra4 Ne5 26. Nxe4 Nexg4 27. Nxf6+
Nxf6 28. Rxa7 Rxe3 29. Rxb7 Rh3 30. Nf1 Rxh5 31. Ng3 Rg5 32. Rd3 h5 33. Rb4 Re1+
34. Kd2 Rg1 35. Ne2 R1g2 36. Rf4 Nd5 37. Rff3 R5g4 38. Rg3 Nf4 39. Rxg2 Rxg2 40.
Re3 h4 41. Ke1 h3 42. Nxf4 Rg1+ 43. Kd2 h2 44. Rh3 h1=Q 45. Rxh1 Rxh1 46. a4 Ra1
47. b3 Kf8 48. Ke3 Ke7 49. Nh5 Rg1 50. b4 Rg5 51. f6+ gxf6 52. Nf4 Kd6 53. a5
Rg1 54. c4 Rb1 55. Nd3 f5 56. a6 Kc7 57. Kf4 Rf1+ 58. Ke5 f6+ 59. Kxf6 f4 60. b5
f3 61. bxc6 Ra1 62. Ke5 Rxa6 63. Kf4 Ra3 64. Nf2 Kxc6 65. Ne4 Rb3 66. Kg3 1/2-1/2

[Event "TCh-CHN 2016"]
[Site "China CHN"]
[Date "2016.09.26"]
[Round "15.2"]
[Board "2"]
[White "Xu, Minghui"]
[Black "Wen, Yang"]
[Result "0-1"]
[BlackTitle "GM"]
[WhiteElo "2305"]
[BlackElo "2614"]
[WhiteTeam "Zhejiang"]
[BlackTeam "Shandong"]
[WhiteFideId "8606790"]
[BlackFideId "8602956"]
[EventDate "2016.04.12"]

1. Nf3 d5 2. d4 Bf5 3. c4 e6 4. Qb3 Nc6 5. c5 Rb8 6. Bf4 Be7 7. e3 Bf6 8. Bd3
Bg6 9. Bxg6 hxg6 10. h4 Be7 11. Nc3 g5 12. Bh2 gxh4 13. Ne5 Nxe5 14. Bxe5 Bf6
15. Qa4+ Kf8 16. Bxf6 Nxf6 17. Qxa7 g6 18. O-O-O Kg7 19. Qa4 b6 20. cxb6 Rxb6
21. f3 Qd6 22. Rd2 Ra6 23. Qb5 Raa8 24. Kb1 Nd7 25. e4 c6 26. Qd3 Nb6 27. b3 Qb4
28. Kc2 Rac8 29. Qa6 Nd7 30. Qa7 Qd6 31. Qa6 Ra8 32. Qd3 Qb4 33. Kd1 Rad8 34.
Ke2 Nf6 35. exd5 Nxd5 36. Nxd5 Rxd5 37. Qe4 Rhh5 38. f4 c5 39. Rh3 Rxd4 40. Rxd4
cxd4 41. g4 Rd5 42. Rd3 Qa3 43. Rd2 Qc1 44. Rd1 d3+ 45. Qxd3 Qxd1+ 0-1

[Event "TCh-CHN 2016"]
[Site "China CHN"]
[Date "2016.09.26"]
[Round "15.2"]
[Board "4"]
[White "Khademalsharieh, Sarasadat"]
[Black "Qiu, Mengjie"]
[Result "1-0"]
[WhiteTitle "WGM"]
[BlackTitle "WFM"]
[WhiteElo "2429"]
[BlackElo "2207"]
[WhiteTeam "Shandong"]
[BlackTeam "Zhejiang"]
[WhiteFideId "12512214"]
[BlackFideId "8606137"]
[EventDate "2016.04.12"]

1. c4 Nf6 2. Nc3 e6 3. Nf3 d5 4. d4 Bb4 5. Bg5 h6 6. Bxf6 Qxf6 7. cxd5 exd5 8.
e3 O-O 9. Qb3 Qb6 10. a3 Ba5 11. Nd2 c6 12. Bd3 Be6 13. Qc2 Qd8 14. O-O Nd7 15.
b4 Bc7 16. Rab1 Qh4 17. f4 Bg4 18. Nxd5 Bd8 19. Nc3 Re8 20. Nc4 Bc7 21. Qf2 Qe7
22. h3 Be6 23. Nd2 f5 24. Nf3 a5 25. Ne5 axb4 26. axb4 Bd6 27. Qb2 Nb6 28. Kh2
Na4 29. Nxa4 Rxa4 30. Bxf5 Rxb4 31. Bxe6+ Qxe6 32. Qc3 Rxb1 33. Rxb1 Bxe5 34.
fxe5 Re7 35. Qa5 Kh7 36. Qa7 Qf7 37. Qc5 Rd7 38. Ra1 Rd5 39. Qc2+ Qg6 40. Qf2
Qg5 41. Ra8 Qe7 42. Qf5+ g6 43. Qc8 1-0

[Event "TCh-CHN 2016"]
[Site "China CHN"]
[Date "2016.09.26"]
[Round "15.2"]
[Board "5"]
[White "Zhai, Mo"]
[Black "Ding, Yixin"]
[Result "1-0"]
[WhiteTitle "WGM"]
[BlackTitle "WGM"]
[WhiteElo "2371"]
[BlackElo "2426"]
[WhiteTeam "Shandong"]
[BlackTeam "Zhejiang"]
[WhiteFideId "8600201"]
[BlackFideId "8602972"]
[EventDate "2016.04.12"]

1. d4 Nf6 2. c4 e6 3. Nc3 d5 4. Nf3 Be7 5. Bf4 O-O 6. e3 b6 7. Bd3 dxc4 8. Bxc4
Bb7 9. O-O c5 10. dxc5 Bxc5 11. Nb5 Nbd7 12. a3 a5 13. Bc7 Qe7 14. Bd6 Bxd6 15.
Qxd6 Qxd6 16. Nxd6 Bd5 17. Bxd5 Nxd5 18. e4 N5f6 19. b4 h6 20. h3 Rfd8 21. Rfd1
Kf8 22. Rac1 axb4 23. axb4 Ke7 24. Rc7 Ne8 25. Nxe8 Kxe8 26. Rd6 Rab8 27. Nd4
Rbc8 28. Nxe6 fxe6 29. Rdxd7 Rxd7 30. Rxc8+ Kf7 31. Rb8 Rd1+ 32. Kh2 Rd4 33.
Rxb6 Rxe4 34. Rb7+ Kf6 35. g4 Re2 36. Kg3 Rb2 37. h4 Rb3+ 38. Kf4 g5+ 39. hxg5+
hxg5+ 40. Ke4 Rb1 41. b5 Rb4+ 42. Kf3 Rb3+ 43. Kg2 Ke5 44. Rb8 Kf4 45. b6 Kxg4
46. b7 Rb2 47. Kf1 Rb1+ 48. Ke2 Rb3 49. Kd2 Rb2+ 50. Ke1 Rb3 51. Kd2 Rb2+ 52.
Kc3 Rb6 53. Kd4 Rb5 54. Ke4 Rb4+ 55. Ke5 Rb6 56. Kd4 Rb5 57. f4 Rb4+ 58. Kc5
Rxb7 59. Rxb7 Kxf4 60. Kd4 Kf3 61. Rf7+ Kg3 62. Ke4 g4 63. Rg7 Kh3 64. Kf4 e5+
65. Kxe5 g3 66. Kf4 g2 67. Rh7# 1-0

[Event "TCh-CHN 2016"]
[Site "China CHN"]
[Date "2016.09.26"]
[Round "15.3"]
[Board "1"]
[White "Yu, Yangyi"]
[Black "Fang, Yuxiang"]
[Result "1-0"]
[WhiteTitle "GM"]
[BlackTitle "IM"]
[WhiteElo "2738"]
[BlackElo "2502"]
[WhiteTeam "Beijing"]
[BlackTeam "Qingdao"]
[WhiteFideId "8603820"]
[BlackFideId "8605840"]
[EventDate "2016.04.12"]

1. d4 d5 2. c4 c6 3. Nf3 Nf6 4. Nc3 a6 5. c5 Bf5 6. Qb3 Qc8 7. Nh4 Be6 8. e3 g6
9. Bd3 Bg7 10. Qc2 O-O 11. O-O Qc7 12. b3 Ng4 13. f4 f5 14. Nf3 Kh8 15. Bd2 Nd7
16. b4 Ngf6 17. Rfc1 Ne4 18. Be1 Ndf6 19. a4 Bg8 20. Nd1 Nd7 21. Nb2 Rfc8 22.
Bf1 Ndf6 23. Nd3 Ng4 24. Qe2 Ngf6 25. Ra3 Nd7 26. Qb2 Qd8 27. Qb3 Ra7 28. Rca1
b6 29. Qc2 a5 30. cxb6 Nxb6 31. Nde5 Nd6 32. bxa5 Nbc4 33. Nxc4 Nxc4 34. Bxc4
dxc4 35. Ne5 c5 36. dxc5 Rxc5 37. Bb4 Rc8 38. Rd1 Qc7 39. Bc3 Be6 40. Nf3 Kg8
41. Bxg7 Kxg7 42. Qc3+ Kg8 43. Nd4 Qd6 44. Raa1 Qa6 45. Rab1 Bf7 46. Rb5 Be8 47.
Re5 Bxa4 48. Ra1 Be8 49. Re6 Qb7 50. Rb6 1-0

[Event "TCh-CHN 2016"]
[Site "China CHN"]
[Date "2016.09.26"]
[Round "15.3"]
[Board "2"]
[White "Zhang, Zhong"]
[Black "Wang, Tongsen"]
[Result "1-0"]
[WhiteTitle "GM"]
[WhiteElo "2634"]
[BlackElo "2296"]
[WhiteTeam "Beijing"]
[BlackTeam "Qingdao"]
[WhiteFideId "8600694"]
[BlackFideId "8608067"]
[EventDate "2016.04.12"]

1. Nf3 d5 2. g3 Nf6 3. Bg2 c5 4. O-O Nc6 5. d4 e6 6. c4 dxc4 7. Qa4 Bd7 8. Qxc4
cxd4 9. Nxd4 Rc8 10. Nc3 Be7 11. Rd1 Na5 12. Qd3 O-O 13. Ndb5 a6 14. Nd6 Bxd6
15. Qxd6 Nc4 16. Qd4 e5 17. Qh4 Qb6 18. Rxd7 Nxd7 19. Nd5 Qa5 20. Be4 g6 21. Bh6
Nd6 22. Ne7+ Kh8 23. Nxc8 Rxc8 24. Qe7 Nxe4 25. Qxf7 Rg8 26. Qxd7 Qb6 27. Be3
Qxb2 28. Rc1 Qxe2 29. Qxb7 Nf6 30. Qf7 Ne8 31. Bg5 Qg4 32. Rc7 1-0

[Event "TCh-CHN 2016"]
[Site "China CHN"]
[Date "2016.09.26"]
[Round "15.3"]
[Board "4"]
[White "Hong, Xing"]
[Black "Zhao, Xue"]
[Result "0-1"]
[BlackTitle "GM"]
[WhiteElo "1986"]
[BlackElo "2504"]
[WhiteTeam "Qingdao"]
[BlackTeam "Beijing"]
[WhiteFideId "8606129"]
[BlackFideId "8601283"]
[EventDate "2016.04.12"]

1. e4 d5 2. exd5 Nf6 3. d4 Nxd5 4. c4 Nf6 5. Be2 g6 6. b3 Bg7 7. Bb2 Bf5 8. Nf3
Ne4 9. Bd3 Nc6 10. g4 Nxd4 11. gxf5 Nxf3+ 12. Qxf3 Bxb2 13. Bxe4 c6 14. fxg6
hxg6 15. Nc3 Bxa1 16. Ke2 Bxc3 17. Qxc3 Rh4 18. f3 Qd6 19. h3 O-O-O 20. Qe3 f5
21. Bc2 Rd4 0-1

[Event "TCh-CHN 2016"]
[Site "China CHN"]
[Date "2016.09.26"]
[Round "15.3"]
[Board "5"]
[White "Zhou, Guijue"]
[Black "Wang, Jue"]
[Result "1-0"]
[WhiteTitle "WIM"]
[BlackTitle "WGM"]
[WhiteElo "2239"]
[BlackElo "2380"]
[WhiteTeam "Qingdao"]
[BlackTeam "Beijing"]
[WhiteFideId "8602905"]
[BlackFideId "8604070"]
[EventDate "2016.04.12"]

1. e4 c5 2. Nf3 d6 3. d4 cxd4 4. Nxd4 Nf6 5. Nc3 a6 6. Be2 e5 7. Nb3 Be7 8. Bg5
Be6 9. Bxf6 Bxf6 10. Qd3 O-O 11. Rd1 Be7 12. Nd5 Bxd5 13. Qxd5 Qc7 14. O-O Nd7
15. c3 b5 16. Qd3 Nb6 17. Nd2 Rfd8 18. c4 b4 19. Rfe1 Bg5 20. Nf3 Bh6 21. b3 a5
22. g3 a4 23. Rf1 g6 24. Ne1 Nd7 25. Qc2 axb3 26. axb3 Nf8 27. Bg4 Ra5 28. Nd3
Qb7 29. Qe2 Bg7 30. Qe3 h5 31. Bh3 Nh7 32. c5 Ra3 33. Nb2 Nf6 34. Nc4 Qxe4 35.
Nxa3 bxa3 36. Qxe4 Nxe4 37. c6 f5 38. Ra1 Nd2 39. Rxa3 Nxf1 40. Bxf1 Rc8 41.
Bc4+ Kh8 42. Bd5 e4 43. Ra7 Bc3 44. Rb7 Ba5 45. b4 Bc7 46. b5 e3 1-0

[Event "TCh-CHN 2016"]
[Site "China CHN"]
[Date "2016.09.26"]
[Round "15.4"]
[Board "1"]
[White "Ni, Hua"]
[Black "Wei, Yi"]
[Result "1/2-1/2"]
[WhiteTitle "GM"]
[BlackTitle "GM"]
[WhiteElo "2681"]
[BlackElo "2700"]
[WhiteTeam "Shanghai"]
[BlackTeam "Jiangsu"]
[WhiteFideId "8601160"]
[BlackFideId "8603405"]
[EventDate "2016.04.12"]

1. d4 Nf6 2. c4 e6 3. Nf3 d5 4. Nc3 c5 5. cxd5 cxd4 6. Qxd4 exd5 7. e4 Nc6 8.
Bb5 dxe4 9. Qxd8+ Kxd8 10. Ng5 Be6 11. O-O Bb4 12. Ncxe4 Nxe4 13. Nxe4 Ke7 14.
Be3 Rhd8 15. Bxc6 bxc6 16. a3 Ba5 17. Nc5 Bd2 18. Nxe6 Kxe6 19. Bxd2 Rxd2 20.
Rfe1+ Kd6 21. Rad1 Rxd1 22. Rxd1+ Ke6 23. Kf1 Rb8 24. b4 Rb5 25. Rc1 Kd6 26. Ke2
c5 27. Rc4 cxb4 28. axb4 a5 29. bxa5 Rxa5 30. Rd4+ Rd5 1/2-1/2

[Event "TCh-CHN 2016"]
[Site "China CHN"]
[Date "2016.09.26"]
[Round "15.4"]
[Board "2"]
[White "Lou, Yiping"]
[Black "Lin, Chen"]
[Result "1/2-1/2"]
[WhiteTitle "IM"]
[BlackTitle "GM"]
[WhiteElo "2450"]
[BlackElo "2526"]
[WhiteTeam "Shanghai"]
[BlackTeam "Jiangsu"]
[WhiteFideId "8603928"]
[BlackFideId "8602298"]
[EventDate "2016.04.12"]

1. d4 d5 2. c4 c6 3. Nf3 Nf6 4. Nc3 a6 5. cxd5 cxd5 6. Ne5 e6 7. Bf4 Be7 8. e3
O-O 9. Bd3 b5 10. O-O Bb7 11. Qb1 Nbd7 12. Rc1 Rc8 13. a4 b4 14. Ne2 a5 15. Bb5
Nxe5 16. Bxe5 Qb6 17. Qd3 Ne4 18. Rxc8 Rxc8 19. Rc1 Rxc1+ 20. Nxc1 f6 21. Bg3
Nxg3 22. hxg3 Qc7 23. Qd1 Bd6 24. Nd3 Bc8 25. f4 g6 26. Qc1 Qxc1+ 27. Nxc1 h5
28. Kf2 Kf7 29. Nd3 Ke7 30. Kf3 Bd7 31. Bxd7 Kxd7 1/2-1/2